[Event "FIDE World Rapid Team"]
[Site "Almaty"]
[Date "2024.08.04"]
[Round "12.30"]
[White "Berikkyzy, Alanna"]
[Black "Naimanov, Rinat"]
[Result "1-0"]
[WhiteElo "1869"]
[BlackElo "1749"]
[PlyCount "75"]
[EventDate "2024.08.02"]
[EventType "team (rapid)"]
[EventRounds "12"]
[EventCountry "KAZ"]
[SourceTitle "CBM 221 Extra"]
[Source "ChessBase"]
[SourceDate "2024.09.30"]
[SourceVersion "1"]
[SourceVersionDate "2024.09.30"]
[SourceQuality "1"]
[WhiteTeam "Rookies"]
[BlackTeam "Astana"]
[BlackTeamCountry "KAZ"]

1. e4 e5 2. Nf3 Nc6 3. Bb5 f5 4. d3 fxe4 5. dxe4 Nf6 6. Nc3 Bb4 7. 0-0 Bxc3 8. bxc3 d6 9. Bc4 Qe7 10. Rb1 Nd8 11. Qd3 Be6 12. Nh4 Bxc4 13. Qxc4 Qf7 14. Qd3 0-0 15. f4 Nd7 16. Be3 Qxa2 17. c4 Qa4 18. Qd5+ Nf7 19. Rxb7 Nf6 20. Qd3 Qc6 21. Rfb1 exf4 22. Bxf4 Nxe4 23. Nf5 Qc5+ 24. Ne3 Nf6 25. R7b5 Qc6 26. Nf5 Ne5 27. Ne7+ Kh8 28. Nxc6 Nxd3 29. cxd3 Nd7 30. Bg3 Nc5 31. d4 Ne4 32. Rb7 a5 33. Ra7 a4 34. Ra1 Rxa7 35. Nxa7 Nc3 36. h3 Ra8 37. Nb5 Ne2+ 38. Kf2 1-0

[Event "FIDE World Rapid Team"]
[Site "Almaty"]
[Date "2024.08.04"]
[Round "9.12"]
[White "Naimanov, Rinat"]
[Black "Zhang, Changjie"]
[Result "1/2-1/2"]
[WhiteElo "1749"]
[BlackElo "1809"]
[PlyCount "117"]
[EventDate "2024.08.02"]
[EventType "team (rapid)"]
[EventRounds "12"]
[EventCountry "KAZ"]
[SourceTitle "CBM 221 Extra"]
[Source "ChessBase"]
[SourceDate "2024.09.30"]
[SourceVersion "1"]
[SourceVersionDate "2024.09.30"]
[SourceQuality "1"]
[WhiteTeam "Astana"]
[BlackTeam "Theme Int Trading"]
[WhiteTeamCountry "KAZ"]
[BlackTeamCountry "SIN"]

1. e4 e6 2. d4 d5 3. e5 c5 4. c3 Nc6 5. Nf3 Qb6 6. Bd3 Nh6 7. dxc5 Bxc5 8. 0-0 Nf5 9. b4 Be7 10. Bxf5 exf5 11. Qxd5 Be6 12. Qd1 Rd8 13. Qc2 0-0 14. Re1 Rd5 15. a4 Rfd8 16. Na3 Qc7 17. Bf4 Rd3 18. Nb5 Qc8 19. Nbd4 Nxd4 20. Qxd3 Nb3 21. Qe3 Nxa1 22. Rxa1 a6 23. Nd4 Qc4 24. Bg5 Bxg5 25. Qxg5 Rc8 26. Rc1 h6 27. Qe3 Rd8 28. f4 Bd5 29. e6 fxe6 30. Re1 Re8 31. Nxf5 Rf8 32. Nd4 Re8 33. Qe5 Qxc3 34. Nf5 Qxe5 35. Rxe5 Rd8 36. Ne7+ Kf7 37. Nxd5 exd5 38. Kf2 d4 39. Ke2 d3+ 40. Kd2 Rd4 41. a5 Rxb4 42. Kxd3 Rxf4 43. Rc5 Rb4 44. Rc7+ Kf6 45. Kc3 Rb5 46. Kc4 h5 47. g3 g6 48. h4 g5 49. Rc5 gxh4 50. gxh4 Rb1 51. Rxh5 Kg6 52. Rc5 Ra1 53. Kd5 Kh5 54. Kd6+ Kxh4 55. Kc7 Rb1 56. Rd5 Kg4 57. Rd6 Rb5 58. Rb6 Rxa5 59. Kxb7 1/2-1/2

[Event "FIDE World Rapid Team"]
[Site "Almaty"]
[Date "2024.08.03"]
[Round "8.18"]
[White "Balakirev, Nikolay"]
[Black "Naimanov, Rinat"]
[Result "0-1"]
[WhiteElo "1885"]
[BlackElo "1749"]
[PlyCount "68"]
[EventDate "2024.08.02"]
[EventType "team (rapid)"]
[EventRounds "12"]
[EventCountry "KAZ"]
[SourceTitle "CBM 221 Extra"]
[Source "ChessBase"]
[SourceDate "2024.09.30"]
[SourceVersion "1"]
[SourceVersionDate "2024.09.30"]
[SourceQuality "1"]
[WhiteTeam "World Champ Higher School"]
[BlackTeam "Astana"]
[BlackTeamCountry "KAZ"]

1. d4 Nf6 2. c4 e6 3. Nf3 c5 4. d5 b5 5. dxe6 fxe6 6. cxb5 d5 7. e3 Nbd7 8. Nc3 Bb7 9. Be2 Bd6 10. 0-0 0-0 11. e4 d4 12. Bc4 Qe7 13. Ng5 dxc3 14. Bxe6+ Kh8 15. Nf7+ Rxf7 16. Bxf7 Nxe4 17. Bd5 Qe5 18. Bf4 Qxd5 19. Qxd5 Bxd5 20. Bxd6 Nxd6 21. bxc3 Nxb5 22. Rad1 Nf6 23. Rfe1 Nxc3 24. Rd3 Nxa2 25. g4 Nb4 26. Rg3 a5 27. g5 Ne4 28. Rg4 a4 29. f3 Nd6 30. Kf2 a3 31. g6 Nd3+ 32. Kf1 Nxe1 33. Kxe1 a2 34. gxh7 a1Q+ 0-1